Crisis of ideology and ideology of crisis/
Uloženo v:
| Hlavní autor: | |
|---|---|
| Médium: | Kniha |
| Jazyk: | English |
| Tagy: |
Přidat tag
Žádné tagy, Buďte první, kdo vytvoří štítek k tomuto záznamu!
|
MARC
| LEADER | 00000nam a22000007a 4500 | ||
|---|---|---|---|
| 003 | cru CIDCACS/IIS | ||
| 005 | 20171101132014.0 | ||
| 007 | ta | ||
| 008 | 171101t1982 nyu|||||r|||| 00| 0 eng d | ||
| 999 | |c 40526 |d 40526 | ||
| 040 | |c cru CIDCACS/IIS | ||
| 100 | 1 | |9 5803 |a Gunder, Andre Frank | |
| 245 | 1 | |a Crisis of ideology and ideology of crisis/ |c Andre Frank Gunder | |
| 300 | |a páginas 109-165 | ||
| 773 | 0 | |0 40523 |9 1452 |a Amin, Samir |d New York: Monthly Review Press, 1982 |o 17590 |t Dynamics of global crisis/ |z 0853456062 | |
| 942 | |2 ddc |c LI | ||



